Gendered discourse in the political behavior of adolescents (Record no. 56526)

000 -LEADER
fixed length control field 00531pab a2200205 454500
008 - FIXED-LENGTH DATA ELEMENTS--GENERAL INFORMATION
fixed length control field 180718b2003 xxu||||| |||| 00| 0 eng d
100 ## - MAIN ENTRY--PERSONAL NAME
Personal name Rosenthal, Cindy Simon
245 ## - TITLE STATEMENT
Title Gendered discourse in the political behavior of adolescents
260 ## - PUBLICATION, DISTRIBUTION, ETC.
Date of publication, distribution, etc. 2003
300 ## - PHYSICAL DESCRIPTION
Extent p.97-104.
362 ## - DATES OF PUBLICATION AND/OR SEQUENTIAL DESIGNATION
Dates of publication and/or sequential designation Mar
650 ## - SUBJECT ADDED ENTRY--TOPICAL TERM
Topical term or geographic name entry element Women
650 ## - SUBJECT ADDED ENTRY--TOPICAL TERM
Topical term or geographic name entry element Adolescents
650 ## - SUBJECT ADDED ENTRY--TOPICAL TERM
Topical term or geographic name entry element Youth
650 ## - SUBJECT ADDED ENTRY--TOPICAL TERM
Topical term or geographic name entry element Political behaviour
700 ## - ADDED ENTRY--PERSONAL NAME
Personal name Rosenthal, James A.
700 ## - ADDED ENTRY--PERSONAL NAME
Personal name Jones, Jocelyn
773 ## - HOST ITEM ENTRY
Main entry heading Political Research Quarterly
909 ## -
-- 56526
Holdings
Withdrawn status Lost status Damaged status Not for loan Permanent Location Current Location Date acquired Serial Enumeration / chronology Barcode Date last seen Price effective from Koha item type
        Indian Institute of Public Administration Indian Institute of Public Administration 2018-07-19 Volume no: 56, Issue no: 1 AR56971 2018-07-19 2018-07-19 Articles

Powered by Koha